Statystyki dla TOP 20 Największych Miast USA #3

Kliknij tutaj aby rozwiązać quiz!

Ogólne statystyki

  • Ten quiz został rozwiązany 20 razy
  • Średni wynik to 11 z 20

Statystyki odpowiedzi

StanLudnośćMiasto% Poprawnych
Illinois2 833 321Chicago
100%
Kolorado566 974Denver
82%
Indiana785 597Indianapolis
82%
Nevada552 539Las Vegas
82%
Missouri447 306Kansas City
71%
Oklahoma537 734Oklahoma City
71%
Ohio444 323Cleveland
59%
Ohio733 203Columbus
59%
Pensylwania1 448 394Filadelfia
59%
Tennessee552 120Nashville
59%
Ohio332 252Cincinnati
53%
Tennessee670 902Memphis
53%
Wisconsin602 782Milwaukee
47%
Nebraska427 872Omaha
47%
Kolorado372 437Colorado Springs
41%
Pensylwania312 819Pittsburgh
41%
Missouri353 837St. Louis
41%
Kentucky554 496Louisville
29%
Kansas357 698Wichita
29%
Oklahoma382 782Tulsa
18%

Rozkład punktacji

Percentyl według liczby udzielonych odpowiedzi

Procent ludzi z każdym wynikiem

Twoja historia wyników

Nie rozwiązałeś tego quizu